|
|
|
|
| LEADER |
01991nam a2200289 a 4500 |
| 003 |
BD-DhAAL |
| 005 |
20250819131653.0 |
| 008 |
091020s2002 bg l 001 0 eng d |
| 040 |
|
|
|a DLC
|c DLC
|d DLC
|d BD-DhAAL
|
| 082 |
0 |
0 |
|a 346/.5492/02
|2 22
|
| 245 |
1 |
4 |
|a The contract act (IX of 1872).
|
| 250 |
|
|
|a Third edittion.
|
| 260 |
|
|
|a Dhaka :
|b Dhaka Law Reports Office,
|c 2002.
|
| 300 |
|
|
|a 304 pages ;
|c 25 cm.
|
| 500 |
|
|
|a On verso of t.p.: Published by Esrarul Huq Chowdhury.
|
| 504 |
|
|
|a Includes index.
|
| 526 |
|
|
|x Prof. Mojib Uddin Ahmed
Director, MBA Program
BRAC Business School
Course name and no. N/A
|
| 541 |
1 |
|
|a Paragon Enterprises Ltd.
|e 00018542
|
| 650 |
|
0 |
|a Contracts
|z Bangladesh.
|
| 852 |
4 |
|
|a Ayesha Abed Library
|j General shelf
|
| 942 |
0 |
0 |
|0 2
|2 ddc
|c BK
|
| 999 |
|
|
|c 4776
|d 4776
|
| 952 |
|
|
|0 0
|1 0
|2 ddc
|4 0
|6 346_549202000000000_CON
|7 0
|9 4586
|a BRACUL
|b BRACUL
|c GEN
|d 2009-10-22
|e Paragon Enterprise Ltd.
|g 288.00
|l 19
|m 117
|o 346.549202 CON
|p 3010018542
|r 2023-10-25
|s 2023-10-15
|t 1
|v 576.00
|w 2009-10-22
|y BK
|x Koha Inventory 2020
|
| 952 |
|
|
|0 0
|1 3
|2 ddc
|4 0
|6 346_549202000000000_CON
|7 0
|9 4588
|a BRACUL
|b BRACUL
|c GEN
|d 2009-10-22
|g 288.00
|l 13
|m 99
|o 346.549202 CON
|p 3010018540
|r 2017-10-03
|s 2017-02-20
|t 2
|v 576.00
|w 2009-10-22
|y BK
|x Requisitioned by Prof. Mojib Uddin Ahmed Director, MBA Program Course name and no. N/A
|
| 952 |
|
|
|0 0
|1 4
|2 ddc
|4 0
|6 346_549202000000000_CON
|7 0
|9 4590
|a BRACUL
|b BRACUL
|c GEN
|d 2009-10-22
|g 288.00
|l 0
|o 346.549202 CON
|p 3010018543
|r 2009-10-22
|t 4
|v 576.00
|w 2009-10-22
|y BK
|x Koha Inventory 2020
|
| 952 |
|
|
|0 0
|1 4
|2 ddc
|4 0
|6 346_549202000000000_CON
|7 0
|9 4591
|a BRACUL
|b BRACUL
|c GEN
|d 2009-10-22
|e Paragon Enterprise Ltd.
|g 288.00
|l 0
|o 346.549202 CON
|p 3010018551
|r 2009-10-22
|t 5
|v 576.00
|w 2009-10-22
|y BK
|x Koha Inventory 2020. Requisitioned by Prof. Mojib Uddin Ahmed Director, MBA Program Course name and no. N/A
|
| 952 |
|
|
|0 0
|1 0
|2 ddc
|4 0
|6 346_000000000000000__5492_02_CON
|7 0
|9 60690
|a BRACUL
|b BRACUL
|c GEN
|d 2009-10-22
|g 288.00
|l 6
|m 26
|o 346.549202 CON
|p 3010010153
|r 2023-10-19
|s 2023-10-09
|t 6
|w 2009-10-22
|y BK
|